[Event "Isthmia op 5th"]
[Site "Loutraki"]
[Date "2015.08.21"]
[Round "4"]
[White "Roinos, Ilias"]
[Black "Drazic, Sinisa"]
[Result "0-1"]
[WhiteElo "2055"]
[BlackElo "2432"]
[PlyCount "106"]
[EventDate "2015.08.18"]
[EventType "swiss"]
[EventRounds "9"]
[EventCountry "GRE"]
[SourceTitle "EXT 2016"]
[Source "ChessBase"]
[SourceDate "2015.10.08"]
[SourceVersion "1"]
[SourceVersionDate "2015.10.08"]
[SourceQuality "1"]

1. e4 Nc6 2. Nc3 a6 3. d4 d5 4. exd5 Nb4 5. Bc4 Nf6 6. Nge2 Nbxd5 7. 0-0 e6 8. Re1 Be7 9. a4 0-0 10. Bg5 h6 11. Bh4 Bd7 12. Nxd5 Nxd5 13. Bxd5 exd5 14. Bxe7 Qxe7 15. Nf4 Qd6 16. Qf3 Rae8 17. Nxd5 Bxa4 18. Ne3 Bc6 19. d5 Bd7 20. b3 Qb4 21. Qg3 Qc3 22. Qf4 Re5 23. Red1 Rfe8 24. Qd4 Qxd4 25. Rxd4 Re4 26. Rad1 Kf8 27. Kf1 a5 28. c4 g6 29. Rxe4 Rxe4 30. Ke2 b6 31. Kd3 Re8 32. g4 Ke7 33. f4 Kd6 34. f5 gxf5 35. gxf5 Kc5 36. f6 Rg8 37. Ke4 Rg6 38. Ke5 Bh3 39. Rd3 Rg1 40. Nc2 Rg5+ 41. Kf4 Rf5+ 42. Ke4 Bf1 43. Rg3 Rxf6 44. Nd4 Rg6 45. Rxg6 fxg6 46. Ke5 Kb4 47. Ne6 Kxb3 48. Nxc7 Bg2 49. d6 Bc6 50. Nd5 a4 51. Nf4 a3 52. Ne2 Kxc4 53. Nc1 b5 0-1

[Event "GRE-ch U18"]
[Site "Thessaloniki"]
[Date "2014.01.08"]
[Round "9"]
[White "Papakonstantinou, Dimitrios"]
[Black "Roinos, Ilias"]
[Result "1-0"]
[WhiteElo "1929"]
[BlackElo "1993"]
[PlyCount "49"]
[EventDate "2014.01.02"]
[EventType "swiss"]
[EventRounds "9"]
[EventCountry "GRE"]
[SourceTitle "EXT 2017"]
[Source "ChessBase"]
[SourceDate "2016.10.25"]
[SourceVersion "1"]
[SourceVersionDate "2016.10.25"]
[SourceQuality "1"]

1. d4 g6 2. c4 Bg7 3. Nc3 d6 4. g3 Nd7 5. Bg2 e5 6. dxe5 dxe5 7. Nf3 Ne7 8. 0-0 0-0 9. Qc2 Nf5 10. Rd1 Re8 11. Bg5 f6 12. Bc1 c6 13. e4 Nh6 14. b4 Qe7 15. Rb1 f5 16. exf5 Nxf5 17. Bg5 Nd4 18. Rxd4 exd4 19. Bxe7 dxc3 20. Re1 Nb6 21. Nh4 Kf7 22. Be4 Bd7 23. Nxg6 hxg6 24. Bxg6+ Kg8 25. Qd1 1-0

[Event "GRE-ch U18"]
[Site "Thessaloniki"]
[Date "2014.01.07"]
[Round "8"]
[White "Roinos, Ilias"]
[Black "Poulopoulos, Ioannis"]
[Result "1-0"]
[WhiteElo "1993"]
[BlackElo "2112"]
[PlyCount "78"]
[EventDate "2014.01.02"]
[EventType "swiss"]
[EventRounds "9"]
[EventCountry "GRE"]
[SourceTitle "EXT 2017"]
[Source "ChessBase"]
[SourceDate "2016.10.25"]
[SourceVersion "1"]
[SourceVersionDate "2016.10.25"]
[SourceQuality "1"]

1. e4 c5 2. Nf3 d6 3. d3 g6 4. g3 Bg7 5. Bg2 e6 6. 0-0 Ne7 7. c3 0-0 8. Be3 Nbc6 9. Qc1 b6 10. Bh6 Ba6 11. Rd1 Rc8 12. Na3 d5 13. h4 Qc7 14. Qg5 dxe4 15. dxe4 Be2 16. Re1 Bxf3 17. Bxg7 Kxg7 18. Bxf3 Ne5 19. Be2 a6 20. h5 f6 21. h6+ Kg8 22. Qe3 b5 23. Rad1 Rfd8 24. c4 b4 25. Nc2 a5 26. Kg2 Qb6 27. g4 Nf7 28. f4 Nc6 29. g5 fxg5 30. fxg5 Nd4 31. Bd3 e5 32. Rf1 Qe6 33. Kg3 Qe7 34. Rf6 Rd6 35. Rdf1 Rxf6 36. Rxf6 Rc6 37. Nxd4 cxd4 38. Qf2 Rxf6 39. Qxf6 Qxf6 1-0